| 000 | 00466cam a2200205ua 4500 | ||
|---|---|---|---|
| 020 | _c160.00 | ||
| 041 |
_aeng _h |
||
| 082 |
_a532 _bJAI/FL |
||
| 100 | _aJain, A K . | ||
| 245 |
_aFluid mechanics / _cA K Jain. _hTextual Documents |
||
| 250 |
_a8 / _b. |
||
| 260 |
_aDelhi : _bKhanna publishers , _c1995. |
||
| 300 | _a926 ; . | ||
| 365 | _a160.00 | ||
| 500 | _a*CSS | ||
| 504 | _a | ||
| 942 | _cBK | ||
| 999 |
_c10408 _d10408 |
||